Claustro Pleno Ordinario 1999. Presentaciones de participantes

Furkejuvvon:
Bibliográfalaš dieđut
Searvvušdahkki: Universidad Católica de Valparaíso (Dahkki)
Materiálatiipa: Girji
Giella:espánnjágiella
Almmustuhtton: Valparaíso Universidad Católica de Valparaíso 1999
Preanttus:1a. ed
Fáttát:
Fáddágilkorat: Lasit fáddágilkoriid
Eai fáddágilkorat, Lasit vuosttaš fáddágilkora!

MARC

LEADER 00000nam a2200000 a 4500
001 UCJ6941
003 CL-VaPUC
005 20240307154444.0
008 070124e19990815CL |||||||||||||||||spa|d
999 |c 323043  |d 323041 
040 |c Pontificia Universidad Católica de Valparaíso 
082 0 4 |a 378  |b UNI  |2 21 
110 2 |a Universidad Católica de Valparaíso  |e author  |9 514600 
245 1 0 |a Claustro Pleno Ordinario 1999. Presentaciones de participantes 
250 |a 1a. ed 
260 |a Valparaíso  |b Universidad Católica de Valparaíso  |c 1999 
300 |a pág. irreg 
583 |a last modification  |c 20070124 00:00:00  |k Rodrigo Vera 
600 0 7 |a ULLOA RUBKE, GONZALO  |2 CL-VaPUC  |9 514601 
600 0 7 |a CERUTTI MALDONADO, CARLOS  |2 CL-VaPUC  |9 511564 
600 0 7 |a García-Tello Olivares, Patricio  |9 887579 
600 0 |a Alvarado Quiroga, Fernando  |e ¿-2023  |9 514602 
650 0 |a Universidades chilenas  |9 407335 
650 0 |a Archivo histórico PUCV  |9 255554 
650 7 |a CLAUSTRO PLENO 1999  |2 CL-VaPUC  |9 514603 
651 0 |a Valparaíso, Chile  |9 261144 
942 |c BK  |2 ddc 
945 |d 20070124 00:00:00  |a rinostro 
952 |0 0  |1 0  |4 0  |6 378_000000000000000_UNI_1999  |7 0  |8 X  |9 402277  |a FDOBUD  |b FDOBUD  |d 2019-11-22  |i 1055364  |o 378 UNI 1999  |p 1055364  |r 2019-11-22  |w 2019-11-22  |y BK_X  |k FHP